[Event "JBLN Ost 0001"]
[Site "Germany"]
[Date "2000.11.25"]
[Round "?"]
[White "Behm, Wilfried"]
[Black "Kletzin, Steffen"]
[Result "1-0"]
[WhiteElo "1204"]
[BlackElo "1147"]
[PlyCount "75"]
[EventDate "2000.??.??"]
[EventType "team"]
[EventRounds "9"]
[EventCountry "GER"]
[SourceTitle "EXT 2003"]
[Source "ChessBase"]
[SourceDate "2002.11.25"]
[SourceVersion "1"]
[SourceVersionDate "2002.11.25"]
[SourceQuality "1"]

1. e4 e5 2. Nf3 Nc6 3. d4 exd4 4. Bc4 Bc5 5. c3 dxc3 6. Bxf7+ Kf8 7. Nxc3 Nf6 8. Bc4 Qe7 9. Qc2 Nd4 10. Nxd4 Bxd4 11. f3 Qc5 12. Na4 Qc6 13. Bd3 Qxc2 14. Bxc2 d6 15. Bd2 Ke7 16. Bc3 Bxc3+ 17. Nxc3 c6 18. Rd1 Be6 19. Kf2 d5 20. exd5 Nxd5 21. Nxd5+ Bxd5 22. Rhe1+ Kf6 23. b3 g6 24. Be4 Be6 25. f4 Rad8 26. Kf3 h5 27. h3 Rhe8 28. Rxd8 Rxd8 29. Bxg6 Bd5+ 30. Be4 Bxe4+ 31. Rxe4 Rd3+ 32. Re3 Rxe3+ 33. Kxe3 Kf5 34. Kf3 b5 35. g4+ hxg4+ 36. hxg4+ Kf6 37. Ke4 c5 38. Kd5 1-0